000 00462nam a22001937a 4500
003 LK-CoDNM
005 20250110151530.0
008 250110b |||||||| |||| 00| 0 eng d
040 _aLK-CoDNM
_dLK-CoDNM
_eLK-CoDNM
041 _aeng
080 _a5
_bY2
100 _aEha
245 _aA Natural on the Powl
250 _a1st Edition
260 _aLondon
_bThacker spink & Co
_c1923
300 _axii, 357p ; 19 cm
650 _aScience
942 _cBK
999 _c236102
_d236102